000 00296nam a22001337a 4500
008 170315b xxu||||| |||| 00| 0 eng d
020 _a9780073378237
041 _aeng
080 _25TH
_a611
100 _a7
101 _aSHM
245 _aANATOMY & PHYSIOLOGY
_cGUNSTREAM, S.E
942 _2udc
_cBK
999 _c7877
_d7877